000 01667nab a22003017a 4500
999 _c5628
_d5628
003 OSt
005 20251223000454.0
008 190429b xxu||||| |||| 00| 0 spa d
040 _cPJ
100 _95736
_aGuerrero, Gonzalo
245 1 0 _aUn nuevo precedente sobre el desbloqueo compulsivo de teléfonos celulares con datos biométricos de la persona imputada /
_cGonzalo Guerrero.
260 _cCiudad Autónoma de Buenos Aires :
_aThomson Reuters La Ley,
_b2025.
300 _ap. 178-187
500 _aCita: TR LALEY AR/DOC/2469/2025.
505 _a Sumario: I. Introducción.— II. El fallo.— III. Análisis del fallo.— IV. Conclusión y consideraciones finales.
505 _aFallo comentado: CCasacion Penal, Penal Juvenil, Contravencional y de Faltas, Ciudad Autónoma de Buenos Aires, sala IV ~ 12/06/2025 ~ U., A. C. y otros s/ 173 inc. 16 - defraudación mediante técnica de manipulación informática que altere el normal funcionamiento de un sistema informático o la transmisión de datos s/ incidente de apelación.
505 _tSi te interesa el texto completo, solicitalo a koha@justierradelfuego.gov.ar
650 0 _9343
_aDERECHO PENAL
650 0 _91975
_aPRUEBA
650 0 _92968
_aINVESTIGACIÓN DEL HECHO
650 0 _92724
_aDERECHO A LA INTIMIDAD
650 0 _9179
_aGARANTIAS CONSTITUCIONALES ›
650 0 _9586
_aDEFENSA EN JUICIO
650 0 _92083
_aRECURSO DE APELACIÓN (PROCESAL)
650 0 _96602
_aGRAVAMEN IRREPARABLE
773 0 _02658
_93164
_tRevista de derecho penal y criminología. Nº 11 - Diciembre 2025
_dCiudad Autónoma de Buenos Aires : Thomson Reuters La Ley, 2017-
_x00347914
942 _2udc
_cANA